Famous People from Fairbanks by Picture - Statistics

General Stats
  • This quiz has been taken 3 times
  • The average score is 21 of 54
Answer Stats
Picture Hint Answer % Correct
Hockey Player (born 1993) Stephon Williams
100%
Skier (born 1998) Alex Hall
67%
Governor (born 1951) Bill Walker
67%
Football Player (born 1982) Daryn Colledge
67%
State Representative / Electrical Engineer / Attorney (1943-2014) Fred Brown
67%
Basketball Player (born 1982) Jessica Moore
67%
Politician / Attorney (born 1967) Joe Miller
67%
Author / Columnist / Political Analyst (born 1967) Kirsten Powers
67%
Territorial Govenor / Attorney (1919-2014) Mike Stepovich
67%
Football Player (born 1986) Reggie Walker
67%
Mayor / State Representative (born 1944) Steve M. Thompson
67%
Author (born 1959) Alma Katsu
33%
Ultimate Frisbee Player (born 1982) Beau Kittredge
33%
Cross-Country Skier (born 1952) Bela Bodnar
33%
Basketball Player (born 1983) Brad Oleson
33%
Mixed Martial Artist (born 1982) Bristol Marunde
33%
Actor (born 1971) Brody Hutzler
33%
State Senator (born 1951) Cathy Giessel
33%
Chief Justice of the Alaska Supreme Court (born 1953) Daniel Winfree
33%
Basketball Player (born 2002) Dashien Nix
33%
Actor / Writer (born 1985) David A. Gregory
33%
Author / Web Developer / Professor (born 1960) Deltina Hay
33%
Drag Queen / Figure Skater / Choreographer (born 1992) Denali
33%
Military Officer / State Senator & Representative / Businessman (1931-1987) Don Bennett
33%
Founder & Mayor of Fairbanks (1863-1933) E.T. Barnette
33%
Lt. Governor / Mayor (1921-2009) H.A. Boucher
33%
Businessman (1876-1956) Isadore 'Ike' Bayles
33%
Lt. Governor / State Senator (1925-2019) Jack Coghill
33%
Mayor (1946-2022) James C. Hayes
33%
State Senator & Representative (born 1953) John Binkley
33%
State Senator & Representative (born 1950) John Coghill
33%
Racecar Driver / Investor / Pilot (born 1955) John Shoffner
33%
Bassist (born 1972) Jon Button
33%
Founder of the Alaskan Independence Party (1913-1993) Joseph E. Vogler
33%
Singer-Songwriter (born 1964) Kevin Johansen
33%
Dog Musher (1970-2022) Lance Mackey
33%
Musician / Pastor (born 1971) Lincoln Brewster
33%
Naturalist / Adventurer / Conservationist / Writer (1902-2003) Mardy Murie
33%
Basketball Coach (born 1957) Mike Dunlap
33%
State Representative (1942-2016) Mike Kelly
33%
State Representative / Educator (1928-2013) Niilo Koponen
33%
State Senator & Representative (born 1956) Pete Kelly
33%
Football Coach & Player (1911-1985) Phil Sarboe
33%
Author / Native Elder (1920-2018) Poldine Carlo
33%
U.S. Representative / Mayor / Attorney (1903-1976) Ralph Julian Rivers
33%
Author (born 1952) Robin Hobb
33%
Army Staff Sergeant & Medic (1978-2020) Ronald J. Shurer
33%
Basketball Player (born 1998) Ruthy Hebard
33%
State Senator & Representative (born 1975) Scott Kawasaki
33%
Dog Musher (1954-2006) Susan Butcher
33%
Singer (born 1969) Vivica Genaux
33%
U.S. Senator & Representative (1904-1968) Bob Barlett
0%
Football Player (born 1973) Reggie Tongue
0%
Musician (born 1971) Will Turpin
0%
No matching quizzes found
Score Distribution
Percent of People with Each Score
Percentile by Number Answered
Your Score History
You have not taken this quiz